Channel 4 Lookalikes - Name the Lookalike Quiz Stats

 Plays Quiz not verified by Sporcle

Score 0/12 Timer 04:00
0 Plays Today
% Correct
Barack Obama
98.5%
Jack Sparrow
96.7%
Mr Bean
93.7%
George Clooney
91.8%
Gordon Ramsay
80.3%
David Brent
71.7%
Ed Sheeran
71.7%
Will Smith
50.2%
Harry Hill
46.1%
Robbie Williams
38.7%
Derek 'Delboy' Trotter
37.2%
David Beckham
28.3%

You're not logged in!

Compare scores with friends on all Sporcle quizzes.
Join for Free
OR
Log In

You Might Also Like...

Show Comments

Extras

Top Quizzes Today


Score Distribution

Your Account Isn't Verified!

In order to create a playlist on Sporcle, you need to verify the email address you used during registration. Go to your Sporcle Settings to finish the process.

Report this User

Report this user for behavior that violates our Community Guidelines.

Details: